| 000 | 00655nam a2200181 a 4500 | ||
|---|---|---|---|
| 001 | 000043197 | ||
| 005 | 20240306073910.0 | ||
| 008 | 140224s2010 cu 000 0 spa d | ||
| 020 | _a9789592710511 | ||
| 040 |
_aDO-SdBNP _bspa _cBNPHU |
||
| 100 | 1 |
_aMartí, José, _d1853-1895 _9645 |
|
| 245 | 1 | 3 |
_aEl día de Juárez / _cJosé Martí ; investigación, presentación y estudios Pedro Pablo Rodríguez. |
| 260 |
_aLa Habana : _bCentro de Estudios Martinianos, _c2010. |
||
| 300 |
_a59 p. ; _c20 cm. |
||
| 500 | _aEdición crítica | ||
| 500 | _aIncluye referencias bibliográficas y notas al pie de las páginas | ||
| 700 | 1 | 2 |
_aPedro Pablo, Rodríguez _970791 |
| 999 |
_c42686 _d42686 |
||